Jusqu'au bout!

Αποθηκεύτηκε σε:
Λεπτομέρειες βιβλιογραφικής εγγραφής
Κύριος συγγραφέας: Eltsine, Boris
Μορφή: Βιβλίο
Γλώσσα:French
Δημοσίευση: [Paris] : Calmann, Levy, 1990
Θέματα:
Ετικέτες: Προσθήκη ετικέτας
Δεν υπάρχουν, Καταχωρήστε ετικέτα πρώτοι!

MARC

LEADER 00000nam a2200000 i 4500
001 1/71326
008 970724s1990 fre d
020 |a 2-7021-1874-7 
035 |a 1990  |b 3  |c Ξανθάκη  |l 10030918 
040 |a GR-MY-UA  |b gre  |e aacr 
041 0 |a fre 
082 0 |a 947.082 
100 1 |a Eltsine, Boris. 
245 1 0 |a Jusqu'au bout! /  |c Boris Eltsine ; traduit du russe par Anna Stepanoff 
260 |a [Paris] :   |b Calmann,   |b Levy,   |c 1990 
300 |a 281 p. 
580 |a Translation of: Ispoved'na zadannouiou temou 
651 0 |a Russia  |x History  |y 1881. 
651 0 |a Russia  |x Politics and government  |y 1881-1894. 
730 0 |a Ispoved'na zadannouiou temou. 
852 |a INST  |b RHODES  |e 19970724  |h 947.082 ELT  |p 005400007981  |q 005400007981  |t BK  |y 0 
909 |a Ρ  |b 018795  |c 1990 
970 |z 2000/08/ΔΕΜΕΝΑΓΑΣ ΠΕΤΡΟΣ